The effect of bills of quantities in standard forms (Record no. 74323)

MARC details
000 -LEADER
fixed length control field 00914cab a2200229 4500
001 - CONTROL NUMBER
control field ABS67664
008 - FIXED-LENGTH DATA ELEMENTS--GENERAL INFORMATION
fixed length control field 040330n2004 000 0 eng u
035 ## - SYSTEM CONTROL NUMBER
System control number (Sirsi) u125664
100 ## - MAIN ENTRY--PERSONAL NAME
Personal name Netto, A.
245 #4 - TITLE STATEMENT
Title The effect of bills of quantities in standard forms
260 ## - PUBLICATION, DISTRIBUTION, ETC.
Date of publication, distribution, etc. 2004
490 ## - SERIES STATEMENT
Series statement International Construction Law Review
Volume/sequential designation 21(1) January 2004, 124-130(7)
520 ## - SUMMARY, ETC.
Summary, etc. Considers automatic changes, which are differences due to either, errors in taking off or wrong estimates in bills of quantities. Looks at the historical development in terms of risk allocation for these automatic changes. Compares and contrasts the current private sector forms in England and Singapore.
590 ## - LOCAL NOTE (RLIN)
Local note ABS
650 ## - SUBJECT ADDED ENTRY--TOPICAL TERM
Topical term or geographic name entry element BILLS OF QUANTITIES
650 ## - SUBJECT ADDED ENTRY--TOPICAL TERM
Topical term or geographic name entry element TAKING-OFF
650 ## - SUBJECT ADDED ENTRY--TOPICAL TERM
Topical term or geographic name entry element RISK ALLOCATION
650 ## - SUBJECT ADDED ENTRY--TOPICAL TERM
Topical term or geographic name entry element SINGAPORE
650 ## - SUBJECT ADDED ENTRY--TOPICAL TERM
Topical term or geographic name entry element STANDARD FORMS
690 ## - LOCAL SUBJECT ADDED ENTRY--TOPICAL TERM (OCLC, RLIN)
Topical term or geographic name as entry element Quantity surveying
9 (RLIN) 6263
942 ## - ADDED ENTRY ELEMENTS (KOHA)
Suppress in OPAC 0
Holdings
Withdrawn status Lost status Source of classification or shelving scheme Damaged status Not for loan Home library Current library Shelving location Date acquired Total Checkouts Full call number Barcode Date last seen Copy number Price effective from Koha item type
    Dewey Decimal Classification     London London Journal article 30/03/2004   ABS67664 125664-1001 06/08/2019 1 06/08/2019 Journal article